MOVIMIENTOS FILOSOFICOS ACTUALES /

Сохранить в:
Библиографические подробности
Главный автор: Sáez Rueda, Luis (autor)
Формат:
Серии:ESTRUCTURAS Y PROCESOS. SERIE FILOSOFIA
Предметы:
Метки: Добавить метку
Нет меток, Требуется 1-ая метка записи!

MARC

LEADER 00000nam^a2200000^a^4500
001 000248305
005 20250521000000.0
009 20260310105645.757
020 |a 84-8164-437-4 
037 |a Acervo Xavier Clavigero 
082 |a 190.  |b SAE 
100 |a Sáez Rueda, Luis  |e (autor) 
245 1 0 |a MOVIMIENTOS FILOSOFICOS ACTUALES /  |c LUIS SAEZ RUEDA 
264 |a Madrid, España :  |b Trotta,  |c 2001 
300 |a 527 p. 
336 |a texto  |b txt  |2 rdacontenido 
337 |a sin mediación  |b n  |2 rdamedio 
338 |a volumen  |b nc  |2 rdasoporte 
440 |a ESTRUCTURAS Y PROCESOS. SERIE FILOSOFIA 
649 |a XX 
650 |a Fenomenología 
650 |a Existencialismo 
650 |a Filosofía Analítica 
650 |a Hermenéutica 
650 |a Filosofía del Siglo XX -  |x Tema Principal 
650 |a Filosofía 
910 |a Fondo General 
920 |a Impresos - Libros 
930 |a Colección General 
905 |a 101 
901 |a 072071  |b IT1  |c ACC  |i 072071  |u 20250521 
902 |a https://opac.biblio.iteso.mx/vufind/Record/000248305